[Event "San Sebastian 1912"]
[Site "SchemingMind.com"]
[Date "2012.06.23"]
[Round "-"]
[White "clario"]
[Black "dadshane2000"]
[Result "1-0"]
[WhiteCountry "RSA"]
[BlackCountry "USA"]
[WhiteElo "2101"]
[WhiteRD "70"]
[BlackElo "1989"]
[BlackRD "86"]
[GameID "312435"]

1. d4 Nf6 2. c4 g6 3. Nc3 d5 4. cxd5 Nxd5 5. e4 Nxc3 6. bxc3 Bg7 7. Bc4 c5 8. Ne2 Nc6 9. Be3 O-O 10. O-O Bg4
11. f3 Na5 12. Bxf7+ Rxf7 13. fxg4 Rxf1+ 14. Kxf1 Qd7 15. h3 Nc4 16. Bf2 cxd4 17. cxd4 e5 18. d5 Rf8 19. Kg1 Bh6 20. Qd3 Rc8
21. Rb1 b6 22. Nc3 Bd2 23. Rb4 Bxc3 24. Rxc4 Rxc4 25. Qxc4 Ba5 26. d6+ Kf8 27. Qd5 Bc3 28. Bh4 Bd4+ 29. Kh2 Kg7 30. Be7 b5
31. Qa8
1-0

[Event "San Sebastian 1912"]
[Site "SchemingMind.com"]
[Date "2012.06.23"]
[Round "-"]
[White "dadshane2000"]
[Black "clario"]
[Result "1-0"]
[WhiteCountry "USA"]
[BlackCountry "RSA"]
[WhiteElo "2044"]
[WhiteRD "99"]
[BlackElo "2203"]
[BlackRD "76"]
[GameID "312439"]

1. e4 c5 2. Nf3 d6 3. d4 cxd4 4. Nxd4 Nf6 5. Nc3 a6 6. Bc4 e6 7. Bb3 b5 8. Be3 Bb7 9. f4 b4 10. Na4 Nbd7
11. O-O Bxe4 12. f5 e5 13. Nf3 Bc6 14. h3 d5 15. c3 Rc8 16. Rc1 Bd6 17. c4 d4 18. c5 Bxc5 19. Nxc5
1-0

[Event "San Sebastian 1912"]
[Site "SchemingMind.com"]
[Date "2012.06.30"]
[Round "-"]
[White "Don71"]
[Black "John Hamer"]
[Result "1-0"]
[WhiteCountry "NIR"]
[BlackCountry "ENG"]
[WhiteElo "2211"]
[WhiteRD "106"]
[BlackElo "2003"]
[BlackRD "69"]
[GameID "312771"]

1. e4 e5 2. Nf3 Nc6 3. d4 exd4 4. Nxd4 Nf6 5. Nxc6 bxc6 6. e5 Qe7 7. Qe2 Nd5 8. c4 Ba6 9. Nd2 g6 10. Nf3 Qb4+
11. Kd1 Rb8 12. a3 Qb7 13. Qc2 Ne7 14. b4 Bg7 15. Bg5 Nc8 16. h4 O-O 17. h5 Nb6 18. Qe4 Rfe8 19. Qh4 h6 20. Bxh6 Bxh6
21. hxg6
1-0

[Event "San Sebastian 1912"]
[Site "SchemingMind.com"]
[Date "2012.06.30"]
[Round "-"]
[White "John Hamer"]
[Black "Don71"]
[Result "1/2-1/2"]
[WhiteCountry "ENG"]
[BlackCountry "NIR"]
[WhiteElo "2003"]
[WhiteRD "69"]
[BlackElo "2211"]
[BlackRD "106"]
[GameID "312772"]

1. d4 Nf6 2. c4 e6 3. Nc3 Bb4 4. Qc2 O-O 5. e4 d5 6. e5 Ne4 7. Bd3 c5 8. Ne2 cxd4 9. Nxd4 Nd7 10. Bf4 Ndc5
11. O-O Bxc3 12. bxc3 Nxd3 13. Qxd3 b6 14. cxd5 exd5 15. Rfd1 Qd7 16. f3 Nc5 17. Qc2 Ba6 18. Bg3 Rae8 19. Nf5= Bb5 20. Qb1 Ba4=
1/2-1/2

[Event "San Sebastian 1912"]
[Site "SchemingMind.com"]
[Date "2012.07.01"]
[Round "-"]
[White "e_castle3"]
[Black "chesshub"]
[Result "0-1"]
[WhiteCountry "PHI"]
[BlackCountry "FRA"]
[WhiteElo "1838"]
[WhiteRD "62"]
[BlackElo "2441"]
[BlackRD "74"]
[GameID "312932"]

1. e4 c5 2. Nf3 d6 3. Bc4 Nf6 4. d3 e6 5. O-O Nc6 6. h3 Be7 7. a3 d5 8. exd5 exd5 9. Ba2 O-O 10. Re1 h6
11. Nc3 Be6 12. Ne2 Re8 13. Nf4 Bf5 14. g4 Bh7 15. g5 hxg5 16. Nxg5 Bf5 17. Nf3 Qd7 18. Kg2 Bxh3+ 19. Kg1 Bd6 20. Rxe8+ Rxe8
21. Be3 Qg4+ 22. Kh1 Bxf4
0-1

[Event "San Sebastian 1912"]
[Site "SchemingMind.com"]
[Date "2012.08.13"]
[Round "-"]
[White "docjan"]
[Black "chesshub"]
[Result "1/2-1/2"]
[WhiteCountry "SWE"]
[BlackCountry "FRA"]
[WhiteElo "2243"]
[WhiteRD "61"]
[BlackElo "2477"]
[BlackRD "72"]
[GameID "315917"]

1. d4 Nf6 2. c4 e6 3. Nf3 d5 4. Bg5 Be7 5. e3 h6 6. Bh4 O-O 7. Be2 b6 8. cxd5 Nxd5 9. Bg3 Bb7 10. O-O c5
11. Nbd2 Nd7 12. a3 Rc8 13. Rc1 N5f6 14. h3 cxd4 15. Nxd4 Rxc1 16. Qxc1 Qa8 17. Bf3 Bxf3 18. N4xf3 Rc8 19. Qb1 b5 20. Rd1 Qb7
21. Rc1 b4 22. Rxc8+ Qxc8 23. a4 Qc6 24. b3 Qc3 25. Bh2=
1/2-1/2

[Event "San Sebastian 1912"]
[Site "SchemingMind.com"]
[Date "2012.08.13"]
[Round "-"]
[White "chesshub"]
[Black "docjan"]
[Result "1-0"]
[WhiteCountry "FRA"]
[BlackCountry "SWE"]
[WhiteElo "2477"]
[WhiteRD "72"]
[BlackElo "2243"]
[BlackRD "61"]
[GameID "315921"]

1. e4 e5 2. Nf3 Nc6 3. Bb5 a6 4. Ba4 Nf6 5. O-O Be7 6. Re1 b5 7. Bb3 O-O 8. c3 d6 9. h3 Na5 10. Bc2 c5
11. d4 Qc7 12. d5 Bd7 13. b3 Rfe8 14. Nbd2 c4 15. b4 Nb7 16. a4 a5 17. Nb1 axb4 18. cxb4 bxa4 19. Bxa4 Reb8 20. Nc3 Qb6
21. Rb1 Bxa4 22. Nxa4 Qa6 23. Nc3 g6 24. Be3 Nd8 25. Qc2
1-0

[Event "San Sebastian 1912"]
[Site "SchemingMind.com"]
[Date "2013.02.20"]
[Round "-"]
[White "tyler_ensor"]
[Black "clario"]
[Result "1-0"]
[WhiteCountry "CAN"]
[BlackCountry "RSA"]
[WhiteElo "1985"]
[WhiteRD "82"]
[BlackElo "2029"]
[BlackRD "79"]
[GameID "327061"]

1. Nf3 d5 2. c4 c6 3. d4 e6 4. e3 f5 5. Bd3 Nf6 6. O-O Bd6 7. b3 Nbd7 8. Bb2 Qc7 9. Nbd2 Ne4 10. a3 Ndf6
11. Ne5 O-O 12. b4 Nxd2 13. Qxd2 Ne4 14. Qc2
1-0

[Event "San Sebastian 1912"]
[Site "SchemingMind.com"]
[Date "2013.02.20"]
[Round "-"]
[White "clario"]
[Black "tyler_ensor"]
[Result "0-1"]
[WhiteCountry "RSA"]
[BlackCountry "CAN"]
[WhiteElo "2029"]
[WhiteRD "79"]
[BlackElo "1985"]
[BlackRD "82"]
[GameID "327063"]

1. d4 d5 2. c4 e6 3. Nc3 Nf6 4. Bg5 Be7 5. e3 O-O 6. Nf3 Nbd7 7. Rc1 c6 8. Bd3 dxc4 9. Bxc4 Nd5 10. Bxe7 Qxe7
11. O-O Nxc3 12. Rxc3 e5 13. Re1 e4 14. Nd2 Nf6 15. Qb3 Bf5 16. Qc2 Nd5
0-1

[Event "San Sebastian 1912"]
[Site "SchemingMind.com"]
[Date "2013.09.29"]
[Round "-"]
[White "chesshub"]
[Black "reo"]
[Result "1-0"]
[WhiteCountry "FRA"]
[BlackCountry "THA"]
[WhiteElo "2474"]
[WhiteRD "72"]
[BlackElo "1942"]
[BlackRD "90"]
[GameID "339124"]

1. e4 e5 2. Nf3 Nc6 3. Bb5 a6 4. Ba4 Nf6 5. O-O Be7 6. Re1 b5 7. Bb3 d6 8. c3 O-O 9. h3 Na5 10. Bc2 c5
11. d4 Nd7 12. Nbd2 exd4 13. cxd4 Nc6 14. dxc5 dxc5 15. e5 Qc7 16. Ne4 f6 17. Qd5+ Kh8 18. exf6 Bxf6 19. Nd6 Nb6 20. Nf7+ Kg8
21. Qh5 h6 22. Qg6 Ne7 23. Nxh6+ Kh8 24. Qh7#
1-0